Automotive engines (Record no. 12154)

000 -LEADER
fixed length control field 00538nam a2200193 4500
001 - CONTROL NUMBER
control field 12154
003 - CONTROL NUMBER IDENTIFIER
control field BD-DhUET
008 - FIXED-LENGTH DATA ELEMENTS--GENERAL INFORMATION
fixed length control field 710511s1971 nyuah 001 0 eng
040 ## - CATALOGING SOURCE
Original cataloging agency DLC
Transcribing agency DLC
Modifying agency BD-DhUET
082 00 - DEWEY DECIMAL CLASSIFICATION NUMBER
Classification number 629.25
Item number CRO/1971
100 ## - MAIN ENTRY--PERSONAL NAME
Personal name Crouse, William H.
245 10 - TITLE STATEMENT
Title Automotive engines
Remainder of title construction, operation, and maintenance
250 ## - EDITION STATEMENT
Edition statement 4th ed.
260 ## - PUBLICATION, DISTRIBUTION, ETC. (IMPRINT)
Place of publication, distribution, etc. New York
Name of publisher, distributor, etc. McGraw-Hill
Date of publication, distribution, etc. 1971
300 ## - PHYSICAL DESCRIPTION
Extent 495 p.
Other physical details illus.
Dimensions 26 cm.
490 0# - SERIES STATEMENT
Series statement McGraw-Hill automotive technology series
650 #0 - SUBJECT ADDED ENTRY--TOPICAL TERM
Topical term or geographic name as entry element Automobiles
942 ## - ADDED ENTRY ELEMENTS (KOHA)
Koha item type General Book
Holdings
Not for loan Koha item type Koha full call number Koha normalized classification for sorting Location (home branch) Piece designation (barcode) Sublocation or collection (holding branch) Koha date last seen Shelving location Damaged status Copy number Lost status Withdrawn status Date acquired Price effective from Source of classification or shelving scheme
 General Book629.25/CRO/1971629_250000000000000_CRO_1971Central Library, BUET31220Central Library, BUET2015-02-24Circulation section 1  2015-02-242015-02-24 
 General Book629.25/CRO/1971629_250000000000000_CRO_1971Central Library, BUET34748Central Library, BUET2015-02-26Circulation section 2  2015-02-262015-02-26 
 General Book629.25/CRO/1971629_250000000000000_CRO_1971Central Library, BUET31223Central Library, BUET2015-05-11Circulation section 3  2015-05-112015-05-11 
 General Book629.25/CRO/1971629_250000000000000_CRO_1971Central Library, BUET31218Central Library, BUET2015-05-11Circulation section 4  2015-05-112015-05-11 
 Reading Item629.25/CRO/1971629_250000000000000_CRO_1971Central Library, BUET26344Central Library, BUET2015-06-20Reading section 5  2015-06-202015-06-20 
 Reading Item629.25/CRO/1971629_250000000000000_CRO_1971Central Library, BUET31221Central Library, BUET2015-06-30Reading section 6  2015-06-302015-06-30